An introduction to Morse theory
Αποθηκεύτηκε σε:
| Κύριος συγγραφέας: | |
|---|---|
| Άλλοι συγγραφείς: | |
| Μορφή: | Βιβλίο |
| Γλώσσα: | English |
| Δημοσίευση: |
Providence, R. I. :
American Mathematical Society,
c2002.
|
| Σειρά: | Translations of mathematical monographs ;
; 208 |
| Θέματα: | |
| Ετικέτες: |
Προσθήκη ετικέτας
Δεν υπάρχουν, Καταχωρήστε ετικέτα πρώτοι!
|
MARC
| LEADER | 00000cam a2200000 i 4500 | ||
|---|---|---|---|
| 001 | 1/100513 | ||
| 008 | 090202s2002 eng d | ||
| 020 | |a 0-8218-1022-7 | ||
| 035 | |l 10102885 | ||
| 040 | |a GR-MY-UA |b gre |e aacr | ||
| 041 | 0 | |a eng | |
| 082 | 0 | |a 514 |2 (22) | |
| 100 | 1 | |a Matsumoto, Y. |q (Yukio) |d 1944- | |
| 245 | 1 | 3 | |a An introduction to Morse theory / |c Yukio Matsumoto ; translated by Kiki Hudson, Masahico Saito. |
| 260 | |a Providence, R. I. : |b American Mathematical Society, |c c2002. | ||
| 300 | |a xiv, 219 σ. : |b εικ. ; |c 21 εκ. | ||
| 490 | 1 | |a (Translations of mathematical monographs |v ; 208) | |
| 504 | |a Περιέχει βιβλιογραφία (σ. 213-214) και ευρετήριο. | ||
| 650 | 0 | 0 | |a Morse theory. |
| 700 | 1 | |a Hudson, Kiki, |e trlf | |
| 830 | 0 | |a Translations of mathematical monographs ; |v ; 208 | |
| 852 | |a INST |b SAMOS |e 20090202 |h 514 MAT |p 005300029486 |q 005300029486 |t BK |y 0 | ||
| 901 | |a BIBL3-2009-1 | ||
| 909 | |a Σ |b 155484 | ||
| 922 | |a 3ΕΛΗ |b 200808 |c ΕΠΕΑΕΚ2/ΤΜΗΜΑ ΜΑΘΗΜΑΤΙΚΩΝ-ΠΡΟΠΤΥΧΙΑΚΟ |d ΜΙΧΑΛΟΠΟΥΛΟΣ | ||
| 970 | |a ΣΙΤΖΙΜΗ |b ΓΙΑΣΕΜΗ |z 2009/02/02 | ||